Bài tập thuỷ lực : Sách dùng cho các trường đại học kỹ thuật

Nội dung giới thiệu tóm tắt lý thuyết và bài tập những tính chất cơ bản của chất lỏng và chất khí, thuỷ tỉnh học, động lực học chất lỏng, tổn thất cột nước trong dòng chảy....

Bewaard in:
Bibliografische gegevens
Hoofdauteur: Hoàng, Văn Quý
Formaat: Boek
Taal:Undetermined
Gepubliceerd in: Hà Nội Đại học và Trung học chuyên nghiệp 1983
Onderwerpen:
Tags: Voeg label toe
Geen labels, Wees de eerste die dit record labelt!
Thư viện lưu trữ: Trung tâm Học liệu Trường Đại học Cần Thơ
LEADER 00938nam a2200205Ia 4500
001 CTU_148470
008 210402s9999 xx 000 0 und d
082 |a 627.076 
082 |b Qu523/T.1 
100 |a Hoàng, Văn Quý 
245 0 |a Bài tập thuỷ lực : 
245 0 |b Sách dùng cho các trường đại học kỹ thuật 
245 0 |c Hoàng Văn Quý, Nguyễn Cảnh Cầm 
260 |a Hà Nội 
260 |b Đại học và Trung học chuyên nghiệp 
260 |c 1983 
520 |a Nội dung giới thiệu tóm tắt lý thuyết và bài tập những tính chất cơ bản của chất lỏng và chất khí, thuỷ tỉnh học, động lực học chất lỏng, tổn thất cột nước trong dòng chảy.... 
650 |a Hydraulic engineering 
904 |i QHieu 
980 |a Trung tâm Học liệu Trường Đại học Cần Thơ